Wonder-Tales of South Asia (Record no. 172901)

MARC details
000 -LEADER
fixed length control field 00654nam a22002297a 4500
003 - CONTROL NUMBER IDENTIFIER
control field dpl
005 - DATE AND TIME OF LATEST TRANSACTION
control field 20200214133137.0
008 - FIXED-LENGTH DATA ELEMENTS--GENERAL INFORMATION
fixed length control field 200214b ||||| |||| 00| 0 eng d
010 ## - LIBRARY OF CONGRESS CONTROL NUMBER
LC control number B-225952
020 ## - INTERNATIONAL STANDARD BOOK NUMBER
International Standard Book Number 0195683633
Terms of availability 295.00
035 ## - SYSTEM CONTROL NUMBER
System control number B-225952
040 ## - CATALOGING SOURCE
Transcribing agency 0
050 ## - LIBRARY OF CONGRESS CALL NUMBER
Classification number S
Item number DIG
082 ## - DEWEY DECIMAL CLASSIFICATION NUMBER
Classification number S
Item number DIG
100 ## - MAIN ENTRY--PERSONAL NAME
Personal name Digby, Simon
245 ## - TITLE STATEMENT
Title Wonder-Tales of South Asia
Statement of responsibility, etc Simon, Digby
Medium Eng
246 ## - VARYING FORM OF TITLE
Title proper/short title Wonder-Tales of South Asia
Medium Eng
260 ## - PUBLICATION, DISTRIBUTION, ETC. (IMPRINT)
Place of publication, distribution, etc New Delhi
Name of publisher, distributor, etc Oxford University Press
Date of publication, distribution, etc 2000
270 ## - ADDRESS
Address YMCA Library Building, Jai SIngh Road
City New Delhi
Country India
Postal code 110001
300 ## - PHYSICAL DESCRIPTION
Extent 303
Dimensions 16cm
942 ## - ADDED ENTRY ELEMENTS (KOHA)
Source of classification or shelving scheme Dewey Decimal Classification
Koha item type English Books
Classification part S
Item part DIG
Call number prefix S
Call number suffix DIG
Holdings
Withdrawn status Lost status Source of classification or shelving scheme Damaged status Not for loan Collection code Home library Current library Date acquired Source of acquisition Cost, normal purchase price Total Checkouts Full call number Barcode Date last seen Cost, replacement price Price effective from Koha item type
    Dewey Decimal Classification     Fiction Shahdara Branch Shahdara Branch 14/02/2020 BPPD/PUB 295.00   S DIG B-225952 14/02/2020 295.00 14/02/2020 English Books

© Delhi Public Library
Hit Counter
free hit counter